[Event "It"]
[Site "masterchessopen.com Sombor (Yugoslavia)"]
[Round "6"]
[White "Deze Anton (YUG)"]
[Black "Damjanovic Mato (CRO)"]
[Result "1/2-1/2"]
[WhiteElo "2375"]
[BlackElo "2460"]

1.d4 Nf6 2.c4 e6 3.Nc3 Bb4 4.e3 c5 5.Bd3 d5 6.Nf3 O-O 7.O-O dxc4 8.Bxc4 Nc6
9.a3 Ba5 10.Na4 cxd4 11.exd4 Bb6 12.Be3 Nd5 13.Nxb6 Qxb6 14.Qb3 Qxb3 15.Bxb3
Rd8 16.Rac1 h6 17.Rfe1 Nce7 18.Ne5 Bd7 {#d} 1/2-1/2

[Event "Ch Sweden"]
[Site "masterchessopen.com Sweden"]
[Round "0"]
[White "Niklasson Christer (SWE)"]
[Black "Fridh Anton (SWE)"]
[Result "1-0"]
[WhiteElo "2350"]
[BlackElo "2255"]

1.d4 Nf6 2.c4 e6 3.Nc3 Bb4 4.e3 c5 5.Bd3 O-O 6.Nf3 d5 7.O-O dxc4 8.Bxc4 Nc6
9.a3 Ba5 10.Qd3 a6 11.Ba2 e5 12.d5 Re8 13.Ng5 Nb8 14.d6 Be6 15.Bxe6 fxe6
16.Nce4 Nbd7 17.f4 exf4 18.Nxf6+ Nxf6 19.Rxf4 Qd7 20.b4 cxb4 21.Bb2 Qb5 22.Qd1
Qxg5 23.Bxf6 Qc5 24.Qg4 g6 25.axb4 Qxe3+ 26.Kh1 Bd8 27.Bd4 Qb3 28.Raf1 e5
29.Qd7 Bg5 30.Rf7 Bh6 31.Bb6 Rf8 32.Qxb7 Rxf7 33.Qxa8+ Bf8 34.Ra1 Qxb4 35.Bc7
Qb5 36.Qc8 Qd7 37.Qxa6 Rf6 38.Rd1 e4 39.Qc4+ Re6 40.Rf1 e3 41.Rf6 {#r} 1-0

[Event "Ch Sweden"]
[Site "masterchessopen.com Sweden"]
[Round "0"]
[White "Niklasson Christer (SWE)"]
[Black "Kaiszauri Konstanty (SWE)"]
[Result "1-0"]
[WhiteElo "2350"]
[BlackElo "2350"]

1.d4 Nf6 2.c4 e6 3.Nc3 Bb4 4.e3 O-O 5.Bd3 c5 6.Nf3 d5 7.O-O dxc4 8.Bxc4 Nc6
9.a3 Ba5 10.Bd3 cxd4 11.exd4 Bb6 12.Be3 Nd5 13.Nxd5 exd5 14.h3 f5 15.Qd2 h6
16.Bb5 g5 17.Qc3 Ne7 18.Rfe1 f4 19.Bd2 Bf5 20.Qb3 Ng6 21.Bb4 Rf7 22.Re8+ Qxe8
23.Bxe8 Rxe8 24.Qxd5 Be4 25.Qb3 Bxf3 26.Qxf3 Nh4 27.Qd3 f3 28.g3 Nf5 29.g4 Nh4
30.Re1 Rxe1+ 31.Bxe1 Re7 32.Bc3 Re2 33.Qc4+ Kg7 34.Qd5 Re7 35.Bb4 Rf7 36.Qe5+
Kh7 37.Qe6 Rc7 38.Bc3 Ng6 39.Qf5 Re7 40.Qxf3 Nf4 41.Bb4 {#r} 1-0

[Event "It"]
[Site "masterchessopen.com Winnipeg (Canada)"]
[Round "0"]
[White "Lipnowski Irwin (CAN)"]
[Black "Donoso Velasco Pedro H (CHI)"]
[Result "0-1"]
[WhiteElo "2260"]
[BlackElo "2360"]

1.c4 Nf6 2.Nc3 e6 3.Nf3 d5 4.d4 Bb4 5.e3 O-O 6.Bd3 c5 7.O-O dxc4 8.Bxc4 Nc6
9.a3 Ba5 10.Ne2 cxd4 11.Nexd4 Nxd4 12.exd4 Bd7 13.Ne5 Bb6 14.Be3 Bc6 15.Nxc6
bxc6 16.Rc1 Qd6 17.Ba6 Rad8 18.Qf3 Nd5 19.Rfd1 Rd7 20.b4 Rfd8 21.Rc4 Ne7
22.Rdc1 e5 23.Rxc6 Nxc6 24.Rxc6 Qe7 25.dxe5 Rd1+ 26.Bf1 Qxe5 27.Bxb6 Rxf1+
28.Kxf1 Qa1+ 29.Ke2 Qd1+ 30.Ke3 Qd2+ 31.Ke4 axb6 32.Kf5 h5 33.Qc3 Rd5+ 34.Ke4
f5+ {#R} 0-1

[Event "Ch DDR"]
[Site "masterchessopen.com Groditz (Germany)"]
[Round "5"]
[White "Dietze Wolfgang Dr (GER)"]
[Black "Liebert Heinz (GER)"]
[Result "1/2-1/2"]
[WhiteElo "2250"]
[BlackElo "2247"]

1.d4 Nf6 2.c4 e6 3.Nc3 Bb4 4.e3 O-O 5.Bd3 d5 6.Nf3 c5 7.O-O Nc6 8.a3 dxc4
9.Bxc4 Ba5 10.Qd3 a6 11.Rd1 b5 12.Ba2 Bb7 13.dxc5 Bxc3 14.Qc2 Qe7 15.Qxc3 Ne4
16.Qc2 Nxc5 17.Bd2 Rac8 18.Be1 Na4 19.Qe2 Qf6 20.Rab1 Rfd8 21.Bb3 Ne5 22.Nxe5
Qxe5 23.f3 Bd5 24.Bg3 Qf6 25.Bxa4 bxa4 26.Qxa6 Bb3 27.Rd4 Rxd4 28.Qxc8+ Qd8
29.Qxd8+ Rxd8 30.Be1 Rd1 31.Rxd1 Bxd1 32.Bb4 {#d} 1/2-1/2

[Event "Ch Czechoslovakia"]
[Site "masterchessopen.com Ostrava (Czech Republic)"]
[Round "10"]
[White "Trapl Jindrich (CZE)"]
[Black "Lechtynsky Jiri (CZE)"]
[Result "0-1"]
[WhiteElo "2336"]
[BlackElo "2375"]

1.d4 Nf6 2.c4 e6 3.Nc3 Bb4 4.e3 O-O 5.Bd3 c5 6.Nf3 d5 7.O-O dxc4 8.Bxc4 Nc6
9.a3 Ba5 10.Qd3 h6 11.Rd1 cxd4 12.exd4 Qe7 13.b4 Bc7 14.Bb2 Rd8 15.d5 Ne5
16.Nxe5 Bxe5 17.Qe2 exd5 18.Nxd5 Rxd5 19.Bxd5 Bxh2+ 20.Kf1 Nxd5 21.Rxd5 Be6
22.Rh5 Rc8 23.Rc1 Rxc1+ 24.Bxc1 Qd7 25.Rc5 b6 26.Rc2 b5 27.Ke1 Bg4 28.Rd2 Qc8
29.Rc2 Qf5 30.f3 Bg3+ 31.Kd1 Qd5+ 32.Qd2 Bxf3+ 33.gxf3 Qxf3+ 34.Qe2 Qh1+
35.Kd2 Bf4+ 36.Kc3 Bxc1 37.Qxb5 Bg5 38.Re2 Qc1+ 39.Kd3 Qxa3+ 40.Ke4 Qb3
41.Qe8+ Kh7 42.b5 {#R} 0-1

[Event "It (cat.14)"]
[Site "masterchessopen.com Tilburg (Netherlands)"]
[Round "0"]
[White "Huebner Robert Dr (GER)"]
[Black "Andersson Ulf (SWE)"]
[Result "1-0"]
[WhiteElo "2600"]
[BlackElo "2565"]

1.d4 Nf6 2.c4 e6 3.Nc3 Bb4 4.e3 c5 5.Bd3 d5 6.Nf3 O-O 7.O-O dxc4 8.Bxc4 Nc6
9.a3 Ba5 10.Qd3 a6 11.dxc5 Qxd3 12.Bxd3 Bxc3 13.bxc3 Rd8 14.Bc2 Bd7 15.a4 Na5
16.Ne5 Be8 17.Ba3 Rd5 18.f4 Rdd8 19.Bb4 Nc6 20.Nc4 Nd5 21.Rab1 Rab8 22.Rfc1
Kf8 23.Kf2 f6 24.g3 Bg6 25.Bxg6 hxg6 26.e4 Nde7 27.Ba3 Rd7 28.Rc2 Kg8 29.Ke2
Nc8 30.Rcb2 Kh7 31.h4 Kg8 32.Ke3 Kh7 33.g4 Kg8 34.Rg2 N8e7 35.h5 Rbd8 36.Nd6
Na5 37.Kf3 gxh5 38.gxh5 Nc8 39.Bb4 Nc6 40.h6 Nxd6 41.cxd6 Kh7 42.hxg7 Rxg7
43.Rxg7+ Kxg7 44.c4 e5 45.c5 Rd7 46.Bc3 Kf7 47.f5 Ke8 48.Rh1 Rf7 49.Rh6 Nb8
50.Be1 Nd7 51.Bf2 Nf8 52.Ke3 Kd7 53.Bh4 Nh7 54.Kd3 Kc6 55.Kc4 b6 56.cxb6 Kxd6
{#r} 1-0

[Event "Olympiad"]
[Site "masterchessopen.com Buenos Aires (Argentina)"]
[Round "9"]
[White "Lombard Andre (SUI)"]
[Black "Pomar Salamanca Arturo (ESP)"]
[Result "1/2-1/2"]
[WhiteElo "2400"]
[BlackElo "2420"]

1.d4 Nf6 2.c4 e6 3.Nc3 Bb4 4.e3 O-O 5.Bd3 d5 6.Nf3 dxc4 7.Bxc4 c5 8.O-O Nc6
9.a3 Ba5 10.Ba2 Bb6 11.dxc5 Qxd1 12.Rxd1 Bxc5 13.b4 Be7 14.Bb2 b6 15.Nb5 Bb7
16.Nd6 Bxd6 17.Rxd6 Rfd8 18.Rad1 Rxd6 19.Rxd6 Rd8 20.Rxd8+ Nxd8 21.Nd2 Kf8
22.f3 Ke7 23.Bb1 h6 24.Bd3 Ne8 25.Kf2 {#d} 1/2-1/2

[Event "Ch URS (1 liga)"]
[Site "masterchessopen.com Frunze (Kyrgyzstan)"]
[Round "12"]
[White "Mihalcisin Adrian (SLO)"]
[Black "Kochyev Alexander (RUS)"]
[Result "0-1"]
[WhiteElo "2480"]
[BlackElo "2545"]

1.d4 Nf6 2.c4 e6 3.Nc3 Bb4 4.e3 O-O 5.Bd3 c5 6.Nf3 d5 7.O-O dxc4 8.Bxc4 Nc6
9.a3 Ba5 10.Ba2 a6 11.Na4 cxd4 12.exd4 Ne7 13.Bg5 Nf5 14.Rc1 ( 14.Bb1 { ! }
14...h6 15.Bxf5 exf5 16.Bxf6 Qxf6 17.Rc1 { P } ) 14...h6 15.Bf4 Bd7 16.Nc5 Bc6
( 16...Bb5 17.Nxb7 Qb6 18.Nxa5 Bxf1 19.Bc7 Qxb2 20.Rc2 { P } ) 17.Ne5 Bd5 (
17...Nxd4 18.Nxc6 Nxc6 19.Nxb7 { P } ) 18.Bb1 Bc7 19.Qd3 b6 20.Nxa6 Bd6
21.Rfd1 Qe7 22.Qb5 Qb7 23.Nb4 ( 23.Nc5 { !? } 23...bxc5 24.Qxb7 Bxb7 25.dxc5 {
= } ) 23...Bxb4 24.Qxb4 Bxg2 25.Qc4 Be4 26.Bxe4 Qxe4 27.Bg3 Rad8 28.Nc6 Rd5
29.Qd3 Qg4 30.Ne5 Qh3 31.Nf3 Rfd8 32.Qf1 Qh5 33.Qe2 Nh7 34.Kf1 Qh3+ 35.Kg1 Ng5
36.Nxg5 hxg5 37.Be5 Nh4 38.Qf1 Qg4+ 39.Kh1 Qe4+ 40.Kg1 Nf3+ {#R} 0-1

[Event "It"]
[Site "masterchessopen.com Lodz (Poland)"]
[Round "0"]
[White "Lukacs Peter (HUN)"]
[Black "Luczak Andrzej (POL)"]
[Result "1/2-1/2"]
[WhiteElo "2420"]
[BlackElo "2370"]

1.d4 Nf6 2.c4 e6 3.Nc3 Bb4 4.e3 c5 5.Bd3 d5 6.Nf3 O-O 7.O-O Nc6 8.a3 dxc4
9.Bxc4 Ba5 10.Bd3 Qe7 11.Ne4 Nxe4 12.Bxe4 Rd8 13.Qa4 Bb6 14.dxc5 Qxc5 15.b4
Qc4 16.Qc2 Qxc2 17.Bxc2 f6 18.Bb2 e5 19.Bb3+ {#d} 1/2-1/2

[Event "It"]
[Site "masterchessopen.com Reggio Emilia (Italy)"]
[Round "3"]
[White "Danner Georg (AUT)"]
[Black "Lengyel Levente (HUN)"]
[Result "1/2-1/2"]
[WhiteElo "2408"]
[BlackElo "2455"]

1.d4 Nf6 2.c4 e6 3.Nc3 Bb4 4.e3 O-O 5.Bd3 d5 6.Nf3 c5 7.O-O Nc6 8.a3 dxc4
9.Bxc4 Ba5 10.Qd3 a6 11.Rd1 b5 12.Ba2 Bb6 13.dxc5 Qxd3 14.Rxd3 Bxc5 15.b4 Be7
16.Bb2 Bb7 {#d} 1/2-1/2

[Event "It"]
[Site "masterchessopen.com Hornicky Kahanec (Czech Republic)"]
[Round "13"]
[White "Sobek Jaroslav (CZE)"]
[Black "Lechtynsky Jiri (CZE)"]
[Result "0-1"]
[WhiteElo "2267"]
[BlackElo "2450"]

1.d4 Nf6 2.c4 e6 3.Nc3 Bb4 4.Nf3 c5 5.e3 O-O 6.Bd3 d5 7.O-O dxc4 8.Bxc4 Nc6
9.a3 Ba5 10.Qd3 a6 11.Rd1 b5 12.Ba2 c4 13.Qc2 Qe8 14.Bb1 g6 15.e4 e5 16.d5 Nd4
17.Nxd4 exd4 18.Rxd4 Bb6 19.Ne2 Bxd4 20.Nxd4 Nxd5 21.Bh6 Nb6 22.Qd2 Bb7
23.Bxf8 Qxf8 24.Bc2 Qc5 25.Nf3 c3 26.Qxc3 Qxc3 27.bxc3 Rc8 28.Nd4 Rxc3 29.f3
Kg7 30.a4 bxa4 31.Kf2 Bc6 32.Ke2 Bb5+ 33.Kd2 Rc5 34.Bd3 Nc4+ 35.Bxc4 Rxc4
36.Nxb5 axb5 37.Rb1 Rc5 38.Kd3 Kf6 39.Kd4 Rc2 40.Rxb5 Rxg2 41.Ra5 Rd2+ 42.Ke3
Ra2 43.h4 a3 44.Kf4 Ra1 45.e5+ Ke6 46.Ra6+ Kd5 47.Ra7 a2 48.Rd7+ Kc4 49.Ra7
Kd3 50.Ra3+ Ke2 51.Ra6 Kf2 52.Ra3 h6 53.Ra7 Kg2 54.Ra5 g5+ 55.hxg5 hxg5+
56.Kf5 g4 {#R} 0-1

[Event "It"]
[Site "masterchessopen.com Teubl (Austria)"]
[Round "7"]
[White "Danner Georg (AUT)"]
[Black "Luczak Andrzej (POL)"]
[Result "1-0"]
[WhiteElo "2410"]
[BlackElo "2370"]

1.d4 Nf6 2.c4 e6 3.Nc3 Bb4 4.e3 c5 5.Bd3 d5 6.Nf3 O-O 7.O-O Nc6 8.a3 dxc4
9.Bxc4 Ba5 10.Qd3 a6 11.Rd1 b5 12.Ba2 Bb6 13.dxc5 Qxd3 14.Rxd3 Bxc5 15.b4 Bb6
16.Bb2 Bb7 17.Ne2 Rfd8 18.Rad1 Rxd3 19.Rxd3 Kf8 20.Ng5 Ke7 21.Bb1 h6 22.Bxf6+
gxf6 23.Nxf7 Bc7 24.f4 h5 25.f5 Ne5 26.Nxe5 Bxe5 27.fxe6 Kxe6 28.Nf4+ Ke7
29.Ng6+ Ke6 30.Ba2+ Kf5 31.Nxe5 Kxe5 32.Rd7 Be4 33.Re7+ Kf5 34.Be6+ Kg6 35.h4
Kh6 36.Bf7 Bg6 37.Bd5 Rd8 38.e4 Rd6 39.Kf2 f5 40.Re6 Rxe6 41.Bxe6 fxe4 42.Bc8
Be8 43.Ke3 Bc6 44.Bxa6 Kg6 45.Kf4 Kf6 46.g3 Ke6 47.Bc8+ Kd5 48.Ke3 Kc4 49.Be6+
Bd5 50.Bd7 Kb3 51.Bxb5 Kxa3 52.Be8 Kxb4 53.Kd4 e3 54.Bxh5 Bc4 55.Kxe3 Kc5
56.Be2 Bg8 57.h5 Kd6 58.h6 Ke5 59.Bc4 {#r} 1-0

[Event "Tournament"]
[Site "masterchessopen.com Chicago (USA)"]
[Round "4"]
[White "Chow Albert (USA)"]
[Black "Bass Leonid (USA)"]
[Result "0-1"]
[WhiteElo "2206"]
[BlackElo "2410"]

1.d4 Nf6 2.c4 e6 3.Nc3 Bb4 4.e3 c5 5.Bd3 d5 6.Nf3 O-O 7.O-O dxc4 8.Bxc4 Nc6
9.a3 Ba5 10.Ba2 a6 11.dxc5 Bxc3 12.bxc3 e5 13.Qc2 Bg4 14.Bb2 Bxf3 15.gxf3 Qc8
16.Rad1 Qh3 17.Qe2 Ne7 18.Kh1 Nf5 19.Rg1 Rae8 20.c4 Qh5 21.Rd2 Nh4 22.Rg3 Rd8
23.Rxd8 Rxd8 24.Bb1 Nf5 25.Rg1 Nh4 26.Rg3 g6 27.Rh3 Qg5 28.Rg3 Qh5 29.Rh3 h6
30.Bxe5 Qxe5 31.Rxh4 Qxc5 32.Qc2 Kg7 33.a4 Qb4 34.Rd4 Rxd4 35.exd4 Nh5 36.Qd1
Qxc4 37.d5 Nf4 38.d6 Qc5 39.Kg1 Qg5+ 40.Kf1 Qg2+ 41.Ke1 Qg1+ {#R} 0-1

[Event "Tournament"]
[Site "masterchessopen.com Vejle (Denmark)"]
[Round "4"]
[White "Brinck-Claussen Bjorn (DEN)"]
[Black "Fries-Nielsen Niels Jorgen (DEN)"]
[Result "0-1"]
[WhiteElo "2375"]
[BlackElo "2317"]

1.d4 Nf6 2.c4 e6 3.Nc3 Bb4 4.e3 O-O 5.Bd3 c5 6.Nf3 d5 7.O-O dxc4 8.Bxc4 Nc6
9.a3 Ba5 10.Na4 cxd4 11.exd4 h6 12.Qd3 Bc7 13.Nc3 e5 14.d5 Ne7 15.Rd1 Bd6
16.Nh4 a6 17.h3 Re8 18.Qf3 e4 19.Qe3 Bf5 20.Qd4 Qc7 21.Be3 Bh7 22.g4 Nd7
23.Rac1 Nc8 24.Be2 Qd8 25.Ng2 Be5 26.Qb4 Nd6 27.Na4 b5 28.Nc5 Nb6 29.Nxa6 Nbc4
30.Bxc4 Nxc4 31.Qxb5 Nxb2 32.Rd2 Nd3 33.Rc6 Qd7 34.a4 h5 35.Rb6 Qc8 36.Nc5
hxg4 37.Qc6 gxh3 38.Nxd3 exd3 39.Qxc8 Raxc8 40.Nf4 Rc1+ 41.Kh2 g5 42.Rxd3 {#R}
0-1

[Event "Ch Uzbekistan"]
[Site "masterchessopen.com Tashkent (Uzbekistan)"]
[Round "0"]
[White "Goldstein G (RUS)"]
[Black "Zamruk Aleksandar (RUS)"]
[Result "0-1"]
[WhiteElo "2126"]
[BlackElo "2335"]

1.d4 Nf6 2.c4 e6 3.Nc3 Bb4 4.e3 c5 5.Nf3 O-O 6.Bd3 d5 7.O-O dxc4 8.Bxc4 Nc6
9.a3 Ba5 10.Qd3 a6 11.Rd1 b5 12.Ba2 Bb6 13.Qc2 c4 14.Qe2 Qe8 15.b3 cxb3
16.Bxb3 Bb7 17.e4 e5 18.dxe5 Nxe5 19.Nxe5 Qxe5 20.Bb2 Bd4 21.Bd5 Nxd5 22.Rxd4
Nf4 23.Qd2 Ne6 24.Rd3 Rfd8 25.Nd5 Qxe4 26.Re1 Bxd5 {#R} 0-1

[Event "Ch URS (young masters)"]
[Site "masterchessopen.com Yurmala (Latvia)"]
[Round "0"]
[White "Azmaiparashvili Zurab (GEO)"]
[Black "Andrianov Nikolai (RUS)"]
[Result "1-0"]
[WhiteElo "2455"]
[BlackElo "2400"]

1.d4 Nf6 2.c4 e6 3.Nc3 Bb4 4.e3 c5 5.Bd3 O-O 6.Nf3 d5 7.O-O dxc4 8.Bxc4 Nc6
9.a3 Ba5 10.Qd3 a6 11.dxc5 Qxd3 12.Bxd3 Bxc3 13.bxc3 Na5 14.Rb1 Rd8 15.Ne5 Nd7
16.Nxd7 Bxd7 17.Be2 Ba4 18.Rb4 Bc2 19.Bf3 Rac8 20.e4 Nb3 21.Be3 Nxc5 22.Rc1
Bd3 23.Rd4 Re8 24.c4 b5 25.cxb5 Bxb5 26.e5 h6 27.h3 Nb3 28.Rxc8 Rxc8 29.Rg4
Kf8 30.a4 Bc4 31.Bd1 Bd5 32.Rb4 Na5 33.Be2 Bc4 34.Bf3 Bd5 35.Be2 Bc4 36.Bh5
Bd5 37.Rf4 f5 38.exf6 g5 39.Rb4 Nc4 40.Bc5+ {#r} 1-0

[Event "It"]
[Site "masterchessopen.com Bayamo (Cuba)"]
[Round "4"]
[White "Garcia Palermo Carlos (ITA)"]
[Black "Armas Jorge (CUB)"]
[Result "1-0"]
[WhiteElo "2515"]
[BlackElo "2330"]

1.d4 Nf6 2.c4 e6 3.Nc3 Bb4 4.e3 O-O 5.Bd3 c5 6.Nf3 d5 7.O-O dxc4 8.Bxc4 Nc6
9.a3 Ba5 10.Ba2 Qe7 11.Qc2 Bxc3 12.Qxc3 cxd4 13.exd4 Qd6 14.Bg5 Ne4 15.Qd3
Nxg5 16.Nxg5 g6 17.Rad1 Qf4 18.Qe3 Qxe3 19.fxe3 Kg7 20.e4 h6 21.Nf3 f6 22.d5
exd5 23.exd5 Nd8 24.Rc1 Rf7 25.Rfe1 Kf8 26.Nd4 Rd7 27.Nb5 Rb8 28.Nxa7 {#r} 1-0

[Event "It \"]
[Site "masterchessopen.com Prague (Czech Republic)"]
[Round "0"]
[White "Danner Georg (AUT)"]
[Black "Lechtynsky Jiri (CZE)"]
[Result "0-1"]
[WhiteElo "2415"]
[BlackElo "2450"]

1.d4 Nf6 2.c4 e6 3.Nc3 Bb4 4.e3 O-O 5.Bd3 d5 6.Nf3 c5 7.O-O dxc4 8.Bxc4 Nc6
9.a3 Ba5 10.Qd3 a6 11.Rd1 b5 12.Ba2 c4 13.Qe2 Qe8 14.Bd2 Bb7 15.b3 cxb3
16.Bxb3 Rc8 17.Qd3 Bb6 18.Bc2 g6 19.Rab1 Qe7 20.Nxb5 axb5 21.Qxb5 Nd7 22.Ba4
Rc7 23.e4 Bxd4 24.Qd3 Nc5 25.Qc2 Bxf2+ 26.Kxf2 Nd4 27.Nxd4 Nxe4+ 28.Kg1 Rxc2
29.Bxc2 Nxd2 30.Rxd2 Rd8 31.Rbd1 Qc5 32.Kf1 Rxd4 33.Rxd4 Qxc2 34.R4d2 Qc5
35.h3 Ba6+ {#R} 0-1

[Event "It (open)"]
[Site "masterchessopen.com West Berlin (Germany)"]
[Round "0"]
[White "Sonntag Hans-Hubert (GER)"]
[Black "Lechtynsky Jiri (CZE)"]
[Result "1-0"]
[WhiteElo "2385"]
[BlackElo "2440"]

1.d4 Nf6 2.c4 e6 3.Nc3 Bb4 4.e3 O-O 5.Nf3 d5 6.Bd3 dxc4 7.Bxc4 c5 8.O-O Nc6
9.a3 Ba5 10.Qd3 a6 11.Rd1 b5 12.Ba2 c4 13.Qc2 Qe8 14.Ne4 Nxe4 15.Qxe4 h6 16.b3
cxb3 17.Bxb3 Bb7 18.Bb2 Bc7 19.d5 exd5 20.Qd3 Qe4 21.Qc3 Qg6 22.Bxd5 Ba5
23.Qb3 Bb6 24.Ne5 Nxe5 25.Bxb7 Rab8 26.Bd5 Nc4 27.Bc3 Rfc8 28.Rac1 Qg5 29.Be1
Bc5 30.a4 Ba7 31.axb5 Rxb5 32.Rxc4 Rxb3 33.Rxc8+ Kh7 34.Bxb3 f5 35.Bg8+ Kh8
36.Bf7+ Kh7 37.Rdd8 g6 38.Bc3 {#r} 1-0

[Event "Ch Asturias (juniors)"]
[Site "masterchessopen.com Asturias (Spain)"]
[Round "1"]
[White "Juan Roldan Jose Luis (ESP)"]
[Black "Aguera Naredo Javier (ESP)"]
[Result "1-0"]
[WhiteElo "2304"]
[BlackElo "2345"]

1.d4 Nf6 2.c4 e6 3.Nc3 Bb4 4.e3 O-O 5.Bd3 d5 6.Nf3 c5 7.O-O dxc4 8.Bxc4 Nc6
9.a3 Ba5 10.Qd3 a6 11.Ne4 b5 12.Ba2 c4 13.Nxf6+ Qxf6 14.Qe4 Bb7 15.Bb1 g6
16.Qg4 Bc7 17.Bd2 Ba5 18.Bc3 Bxc3 19.bxc3 Rac8 20.Be4 h5 21.Qg3 Nxd4 22.exd4
Bxe4 23.Ne5 Rfd8 24.Rfe1 Bd5 25.a4 Qe7 26.axb5 axb5 27.Qf4 Kg7 28.Re3 Ra8
29.Rae1 f6 30.Nf3 Qd6 31.Qh4 Re8 32.h3 Bxf3 33.Rxf3 e5 34.Rfe3 Kf7 35.Qg3 Re7
36.dxe5 Qc6 37.exf6 Rxe3 38.Rxe3 Kxf6 39.Qe5+ Kf7 40.Qe7+ Kg8 41.Re6 {#r} 1-0

[Event "Ch Hungary (team) 1992/93"]
[Site "masterchessopen.com Hungary"]
[Round "0"]
[White "Bokor Istvan (HUN)"]
[Black "Nagy Ervin (HUN)"]
[Result "1/2-1/2"]
[WhiteElo "2226"]
[BlackElo "2269"]

1.d4 Nf6 2.c4 e6 3.Nc3 Bb4 4.e3 O-O 5.Bd3 d5 6.Nf3 dxc4 7.Bxc4 c5 8.O-O Nc6
9.a3 Ba5 10.Qd3 a6 11.Rd1 b5 12.Ba2 Bb6 13.dxc5 Qxd3 14.Rxd3 Bxc5 15.b4 {#d}
1/2-1/2

[Event "Olympiad"]
[Site "masterchessopen.com Manila (Philippines)"]
[Round "6"]
[White "Santa Luis A (PUR)"]
[Black "Schinis M (CYP)"]
[Result "1/2-1/2"]
[WhiteElo "2184"]
[BlackElo "2205"]

1.d4 Nf6 2.c4 e6 3.Nc3 Bb4 4.e3 c5 5.Nf3 O-O 6.Bd3 d5 7.O-O Nc6 8.a3 dxc4
9.Bxc4 Ba5 10.Ne2 cxd4 11.Nexd4 Nxd4 12.exd4 h6 13.Ne5 Bb6 14.Be3 Qd6 15.Qd3
Rd8 16.Rad1 Bd7 17.Bxh6 Bc6 18.Qg3 Nh5 19.Qg4 Bxd4 20.Rxd4 Qxe5 21.Be3 Nf6
22.Qh4 Rxd4 23.Bxd4 Qxd4 24.Qxd4 Ne4 25.Rd1 Rd8 26.Bb3 a6 27.f3 Ng5 28.Kf2 Rd7
29.Ke3 Nh7 30.Kf4 Nf8 {#d} 1/2-1/2

[Event "It (open) \"]
[Site "masterchessopen.com Mlada Boleslav (Czech Republic)"]
[Round "0"]
[White "Hrtanek Jiri (CZE)"]
[Black "Lechtynsky Jiri (CZE)"]
[Result "0-1"]
[WhiteElo "2117"]
[BlackElo "2375"]

1.d4 Nf6 2.c4 e6 3.Nc3 Bb4 4.e3 O-O 5.Bd3 d5 6.Nf3 c5 7.O-O dxc4 8.Bxc4 Nc6
9.a3 Ba5 10.Bd3 cxd4 11.exd4 Bb6 12.Be3 h6 13.h3 Ne7 14.Rc1 Nf5 15.Re1 Bd7
16.Na4 Bxa4 17.Qxa4 Qd6 18.Rcd1 Nd5 19.Bd2 Rfd8 20.Bxf5 exf5 21.Re5 f6 22.Re2
Qd7 23.Qb3 Re8 24.Rde1 Rxe2 25.Rxe2 Rd8 26.Bc3 Qf7 27.Bb4 Bc7 28.Qc4 g6 29.Bd2
Bf4 30.Bb4 Kg7 31.Bc3 Qd7 32.Qd3 Bb8 33.Bd2 Re8 34.Kf1 Rxe2 35.Qxe2 a6 36.Be3
g5 37.Qd3 Qe6 38.Nd2 f4 {#R} 0-1

[Event "It (cat.8)"]
[Site "masterchessopen.com Budapest (Hungary)"]
[Round "0"]
[White "Petrosian Karen (ARM)"]
[Black "Lengyel Levente (HUN)"]
[Result "1/2-1/2"]
[WhiteElo "2400"]
[BlackElo "2365"]

1.d4 Nf6 2.c4 e6 3.Nc3 Bb4 4.e3 O-O 5.Bd3 d5 6.Nf3 c5 7.O-O Nc6 8.a3 dxc4
9.Bxc4 Ba5 10.h3 a6 11.Ba2 b5 12.Qe2 cxd4 13.exd4 h6 14.b4 Bb6 15.Be3 Bb7
16.Rad1 Ne7 17.Ne5 Ned5 18.Nxd5 exd5 19.Bb1 {#d} 1/2-1/2

[Event "It (open)"]
[Site "masterchessopen.com Ceske Budejovice (Czech Republic)"]
[Round "8"]
[White "Romanov Oleg (BLR)"]
[Black "Lechtynsky Jiri (CZE)"]
[Result "0-1"]
[WhiteElo "2345"]
[BlackElo "2435"]

1.d4 Nf6 2.c4 e6 3.Nc3 Bb4 4.e3 O-O 5.Bd3 d5 6.Nf3 c5 7.O-O dxc4 8.Bxc4 Nc6
9.a3 Ba5 10.Ba2 Qe7 11.Ne5 Rd8 12.Nxc6 bxc6 13.Qa4 Bb6 14.dxc5 Qxc5 15.Qc4 Qe5
16.Qe2 Bb7 17.Kh1 c5 18.f4 Qf5 19.Bc4 h5 20.Ba6 Bxa6 21.Qxa6 Qd3 22.Qxd3 Rxd3
23.e4 Ba5 24.e5 Bxc3 25.bxc3 Nd5 26.Rb1 Nb6 27.h3 g6 28.c4 Rad8 29.Kh2 Nxc4
30.f5 exf5 31.Bg5 Nd2 {#R} 0-1

[Event "Extra League 1995/96"]
[Site "masterchessopen.com Czech Republic"]
[Round "3"]
[White "Frolik Martin (CZE)"]
[Black "Lechtynsky Jiri (CZE)"]
[Result "1/2-1/2"]
[WhiteElo "2265"]
[BlackElo "2435"]

1.d4 Nf6 2.c4 e6 3.Nc3 Bb4 4.e3 O-O 5.Bd3 d5 6.Nf3 c5 7.O-O dxc4 8.Bxc4 Nc6
9.a3 Ba5 10.Qd3 a6 11.d5 exd5 12.Nxd5 b5 13.Nxf6+ Qxf6 14.Bd5 c4 15.Qc2 Bg4
16.Qe4 Bd7 17.Rd1 Rae8 18.Qc2 Bf5 19.e4 Bg4 20.b4 Bxf3 21.gxf3 Bc7 22.f4 Nd4
23.Rxd4 Qxd4 24.Bb2 Qd3 25.Qxd3 cxd3 26.Rd1 Bxf4 27.Rxd3 Rc8 28.Bd4 Rc7 29.Kg2
Re8 30.Bb6 Rce7 31.Bc5 Re5 32.Rf3 g5 33.Rd3 Rxe4 34.Bxe4 Rxe4 35.Rd8+ Kg7
36.Kf3 Re6 37.h4 h6 38.Kg4 Bc7 39.Bd4+ Be5 40.hxg5 hxg5 41.Kxg5 Rg6+ 42.Kf5
Bxd4 43.Rxd4 Rf6+ 44.Kg5 Rxf2 45.Rd6 Rg2+ 46.Kf5 Rg6 47.Rd3 Re6 48.Rc3 Kf8
49.Rc8+ Ke7 50.Rc7+ Kd8 51.Rxf7 Re3 52.Ra7 Rxa3 53.Ke5 Kc8 54.Kd4 Kb8 55.Rh7
Rf3 56.Rh6 Kb7 57.Rh7+ Kc8 58.Rh8+ Kd7 59.Rh7+ Ke8 60.Rh8+ Kf7 61.Rh6 Rf4+
62.Kd5 Rxb4 63.Rxa6 Rb1 64.Rb6 {#d} 1/2-1/2

[Event "It"]
[Site "masterchessopen.com Linz (Austria)"]
[Round "7"]
[White "Kargl Kurt (AUT)"]
[Black "Lechtynsky Jiri (CZE)"]
[Result "0-1"]
[WhiteElo "2300"]
[BlackElo "2435"]

1.d4 Nf6 2.c4 e6 3.Nc3 Bb4 4.e3 O-O 5.Bd3 d5 6.Nf3 c5 7.O-O dxc4 8.Bxc4 Nc6
9.a3 Ba5 10.Qd3 a6 11.dxc5 Qxd3 12.Bxd3 Bxc3 13.bxc3 Na5 14.Bc2 Bd7 15.e4 Bb5
16.Re1 Nd7 17.Nd4 Bc4 18.c6 bxc6 19.Rb1 Rab8 20.Be3 c5 21.Nf3 e5 22.Red1 Rxb1
23.Rxb1 Bb5 24.Nd2 Rd8 25.a4 Bc6 26.f3 Kf8 27.Kf2 Ke7 28.Bd3 Ra8 29.Bc2 f6
30.Ke2 Kd6 31.Kd3 Rb8 32.Rxb8 Nxb8 33.Nc4+ Nxc4 34.Kxc4 Nd7 35.Kb3 Nb6 36.a5
Ba4+ 37.Ka2 Nc4 38.Bxc5+ Kxc5 39.Bxa4 Nxa5 40.Bd7 Nc4 41.Bc8 a5 42.Ba6 a4
43.h4 Ne3 44.g3 Nd1 {#R} 0-1

[Event "It (open)"]
[Site "masterchessopen.com Saarburg (Germany)"]
[Round "0"]
[White "Becker Christoph (AUT)"]
[Black "Freise Friedhelm (GER)"]
[Result "0-1"]
[WhiteElo "2156"]
[BlackElo "2138"]

1.d4 Nf6 2.c4 e6 3.Nc3 Bb4 4.Nf3 O-O 5.e3 c5 6.Bd3 d5 7.O-O dxc4 8.Bxc4 Nc6
9.a3 Ba5 10.Qe2 cxd4 11.Rd1 e5 12.exd4 exd4 13.Bg5 Bxc3 14.bxc3 Bg4 15.h3 Bxf3
16.Qxf3 Ne5 17.Qe2 Nxc4 18.Qxc4 Qd5 19.Qxd5 Nxd5 20.cxd4 f6 21.Be3 Rfe8 22.Re1
Rac8 23.Rac1 Kf7 24.Kf1 Nxe3+ 25.fxe3 Rxc1 26.Rxc1 Rxe3 27.Rc7+ Re7 28.Rc3 Ke6
29.Ke2 Kd5+ 30.Kd3 b6 31.Rc2 f5 32.Rf2 g6 33.Rc2 f4 34.Rf2 g5 35.h4 h6 36.hxg5
hxg5 37.Rc2 Re3+ 38.Kd2 Rxa3 {#R} 0-1